[Event "ICS Rated blitz match"]
[Site "204.178.125.65"]
[Date "1999.09.20"]
[Round "?"]
[White "Hossa"]
[Black "JudgeTurpin"]
[Result "1/2-1/2"]
[WhiteElo "2447"]
[BlackElo "2500"]
[PlyCount "221"]
[EventDate "1999.??.??"]

1. e4 c5 2. Nf3 e6 3. d3 Nc6 4. Be2 Nf6 5. Bg5 Qb6 6. Bxf6 gxf6 7. b3 Rg8 8.
O-O d5 9. a4 d4 10. Nfd2 Bd7 11. Nc4 Qc7 12. Bh5 Bh6 13. Nba3 a6 14. Qf3 Bg5
15. Qg3 Qxg3 16. fxg3 Ke7 17. Nb6 Rad8 18. Nac4 Be8 19. a5 Nb4 20. Bd1 Bb5 21.
Kh1 Bh6 22. Rf2 Bc6 23. Rb1 Na2 24. Bh5 Rg5 25. g4 Rgg8 26. e5 Bg5 27. exf6+
Kf8 28. Ne5 Be8 29. Ra1 Be3 30. Re2 Nc3 31. Ree1 h6 32. Rf1 Nd5 33. Nbc4 Bg5
34. Nf3 Bxf6 35. Nfd2 Rg7 36. Rae1 Kg8 37. Rf3 Bg5 38. Ne4 Be7 39. Re2 f5 40.
Nf2 Bxh5 41. gxh5 Kf7 42. Ne4 Ke8 43. Ned2 Kd7 44. Ne5+ Kc8 45. Ndc4 Nc3 46.
Re1 Bh4 47. g3 Bg5 48. Nb6+ Kb8 49. Nec4 Re7 50. Re5 Ree8 51. Rxc5 Be7 52. Re5
Bf8 53. Rf1 Bg7 54. Ree1 Bf6 55. Ne5 Bxe5 56. Rxe5 Kc7 57. Rfe1 Kd6 58. b4 Rb8
59. Nc4+ Kd7 60. Nd2 Nd5 61. Nf3 Nxb4 62. Nxd4 Nc6 63. Nxc6 bxc6 64. Kg2 Rb2
65. R1e2 Rb5 66. d4 Rxe5 67. dxe5 Rb8 68. Rd2+ Ke7 69. Rd6 Rb5 70. Rxc6 Rxa5
71. Rc7+ Kd8 72. Rh7 Rxe5 73. Rxh6 Ke7 74. Rh7+ Kf6 75. Ra7 Re2+ 76. Kh3 Rxc2
77. Rxa6 Re2 78. Ra8 Kg5 79. Rh8 Re1 80. h6 Re4 81. Kg2 Re2+ 82. Kg1 Kg6 83. h4
Re1+ 84. Kf2 Re4 85. Kf3 Re1 86. Kg2 Re2+ 87. Kh3 Rd2 88. h7 Re2 89. h5+ Kg7
90. Rg8+ Kxh7 91. Rg6 Kh8 92. Kh4 Re3 93. h6 e5 94. Rg7 e4 95. g4 fxg4 96. Kxg4
Re1 97. Rd7 Rh1 98. Kg5 Rh3 99. Kg6 Rg3+ 100. Kf6 e3 101. Rd1 e2 102. Re1 Re3
103. Kg5 Kh7 104. Kf6 Re8 105. Kf7 Re4 106. Kf6 Re3 107. Kg5 Re7 108. Kf5 Re3
109. Kf6 Kh8 110. Kg5 Kh7 111. Kf6 {Game drawn by repetition} 1/2-1/2

[Event "ICS Rated blitz match"]
[Site "204.178.125.65"]
[Date "1999.09.20"]
[Round "?"]
[White "Hossa"]
[Black "JudgeTurpin"]
[Result "0-1"]
[WhiteElo "2435"]
[BlackElo "2512"]
[PlyCount "95"]
[EventDate "1999.??.??"]

1. e4 c5 2. Nf3 e6 3. d4 cxd4 4. Nxd4 Nf6 5. Nc3 d6 6. g3 Nc6 7. Bg2 Bd7 8.
Nxc6 Bxc6 9. O-O Be7 10. Re1 O-O 11. Re3 Rc8 12. Rd3 Nd7 13. Bf4 Qb6 14. Rb1
Ne5 15. Be3 Qc7 16. Rd4 f5 17. Bh3 Bf6 18. Rxd6 Nc4 19. Rd3 Bxc3 20. Rxc3 Bxe4
21. Qe2 Qa5 22. Rc1 Nxb2 23. Rxc8 Rxc8 24. f3 Bd5 25. Bd4 Nc4 26. c3 Nd6 27.
Qe5 Qc7 28. Bxa7 b6 29. Rd1 Rd8 30. Bxf5 Qc5+ 31. Qd4 Qxd4+ 32. cxd4 Nxf5 33.
Bxb6 Ra8 34. Ra1 Ra4 35. f4 Rb4 36. Ba5 Rb2 37. Re1 Rg2+ 38. Kf1 Rxh2 39. Re5
Nxd4 40. a3 Bc4+ 41. Ke1 Nf3+ 42. Kd1 Nxe5 43. fxe5 Rg2 44. Be1 Kf7 45. Kc1 Kg6
46. a4 Kf5 47. a5 Ke4 48. Bb4 {Hossa resigns} 0-1

[Event "ICS Rated blitz match"]
[Site "204.178.125.65"]
[Date "1999.09.20"]
[Round "?"]
[White "Hossa"]
[Black "JudgeTurpin"]
[Result "1/2-1/2"]
[WhiteElo "2411"]
[BlackElo "2536"]
[PlyCount "339"]
[EventDate "1999.??.??"]

1. d4 Nf6 2. c4 e6 3. Nf3 b6 4. Nc3 Bb4 5. Bg5 h6 6. Bxf6 Qxf6 7. a3 Bxc3+ 8.
bxc3 Bb7 9. g3 Bxf3 10. exf3 c5 11. Qd3 Nc6 12. Rd1 O-O 13. Bg2 cxd4 14. cxd4
e5 15. d5 Na5 16. O-O d6 17. Rfe1 Rac8 18. Rc1 Qg6 19. Qe2 Nb3 20. Rc3 Nc5 21.
f4 exf4 22. Qe7 Na4 23. Rcc1 Nb2 24. Bf1 fxg3 25. fxg3 Ra8 26. Rb1 Na4 27. Rb3
Nc5 28. Rbe3 f5 29. Bh3 Kh8 30. Kh1 Rf7 31. Qh4 Raf8 32. Qf4 Qf6 33. Bg2 g5 34.
Qf3 f4 35. gxf4 Kg7 36. Qe2 gxf4 37. Rf3 Kh8 38. Qf2 Rg8 39. Bh3 Rg5 40. Re8+
Kh7 41. Qd2 Qg6 42. Qd4 Rg7 43. Re1 Re5 44. Ref1 Re4 45. Qd2 Rxc4 46. Rxf4 Rxf4
47. Qxf4 Qg5 48. Qf3 Rg8 49. Qf7+ Qg7 50. Qf4 Nb7 51. Qa4 Na5 52. Qb4 Kh8 53.
Qxd6 Nc4 54. Qf6 Qxf6 55. Rxf6 Kg7 56. Rf3 Rf8 57. Rc3 Rf4 58. Kg2 Kf6 59. Kg3
Ke5 60. Be6 Nd6 61. Kh3 Rf2 62. Rc1 Ne4 63. a4 Ra2 64. Bd7 Kxd5 65. Bc6+ Kd4
66. Rd1+ Rd2 67. Re1 Rd3+ 68. Kh4 Nd6 69. Rf1 Rc3 70. Bd7 Rc7 71. Rd1+ Ke5 72.
Re1+ Kf4 73. Rf1+ Ke3 74. Be6 Ne4 75. Re1+ Kf4 76. Rf1+ Ke5 77. Bf7 Rc2 78. Kh3
Rf2 79. Rxf2 Nxf2+ 80. Kh4 Kf5 81. Kh5 Kf4 82. Bb3 Ng4 83. h3 Nf2 84. h4 Kg3
85. Bd5 Nd3 86. Bc6 a6 87. Bb7 a5 88. Kxh6 Kxh4 89. Kg6 Nc5 90. Bc6 Kg4 91. Kf6
Kf4 92. Kf7 Kf5 93. Ke8 Ke6 94. Kd8 Kd6 95. Be8 Ne4 96. Bg6 Nc3 97. Bc2 b5 98.
axb5 Nxb5 99. Kc8 Kc6 100. Bd1 Nc3 101. Bc2 Nd5 102. Ba4+ Kc5 103. Kb7 Nb6 104.
Ka6 Kb4 105. Bc6 Nc4 106. Bb5 Ne3 107. Bc6 Nf5 108. Kb6 Nd4 109. Bd7 Nf3 110.
Ka6 Nd4 111. Kb6 Nc2 112. Bc6 Na3 113. Ka6 Nb1 114. Kb6 Nc3 115. Ka6 Na4 116.
Kb7 Nb2 117. Ka6 Nd3 118. Kb6 Ne5 119. Be8 Nc4+ 120. Ka6 Nd6 121. Bc6 Nc8 122.
Bd7 Ne7 123. Kb7 Nd5 124. Bc6 Nf4 125. Ka7 Ng6 126. Be8 Ne7 127. Ka6 Nd5 128.
Bd7 Nf4 129. Kb6 Ne2 130. Bc6 Ng3 131. Ka6 Ne2 132. Kb6 Nc1 133. Bd7 Nb3 134.
Bc6 Nc5 135. Bb5 Ne4 136. Ka6 Nf6 137. Bc6 Nh7 138. Bd7 Ng5 139. Be8 Ne6 140.
Kb6 Nd8 141. Kc7 Kc5 142. Kxd8 Kd6 143. Kc8 Ke7 144. Bg6 a4 145. Kb8 a3 146.
Bb1 Kd6 147. Kc8 Kc6 148. Kd8 Kc5 149. Ke8 Kd5 150. Ba2+ Kd4 151. Kf8 Kd3 152.
Bd5 Kc3 153. Ba2 Kb4 154. Kg8 Ka5 155. Kh8 Kb5 156. Bd5 Kc5 157. Be6 Kd4 158.
Kg8 Ke5 159. Kf7 Kd6 160. Kf6 Kc5 161. Kg6 Kc6 162. Kh6 Kd6 163. Ba2 Kc5 164.
Kh7 Kd4 165. Kh8 Kc5 166. Kg8 Kb6 167. Kh8 Kc5 168. Kg8 Kb6 169. Kh8 Kc5 170.
Kg8 {Game drawn by repetition} 1/2-1/2

[Event "ICS Rated blitz match"]
[Site "204.178.125.65"]
[Date "1999.10.19"]
[Round "?"]
[White "Hossa"]
[Black "JudgeTurpin"]
[Result "0-1"]
[WhiteElo "2490"]
[BlackElo "2616"]
[PlyCount "95"]
[EventDate "1999.??.??"]

1. e4 e5 2. Nf3 Nc6 3. Bb5 a6 4. Ba4 Nf6 5. O-O d6 6. Re1 b5 7. Bb3 Na5 8. d4
Nxb3 9. axb3 Bb7 10. Bg5 Be7 11. Nc3 exd4 12. Nxd4 h6 13. Bxf6 Bxf6 14. Nd5 O-O
15. Nxf6+ Qxf6 16. c3 Rfe8 17. f3 c5 18. Nc2 d5 19. exd5 Rxe1+ 20. Nxe1 Rd8 21.
c4 Qxb2 22. Kh1 Qc3 23. Rc1 Qe3 24. Rb1 Bc8 25. Nc2 Qc3 26. Qe2 Bf5 27. Rc1 Qb2
28. Qd2 b4 29. Kg1 Re8 30. Qd1 Qxb3 31. Na1 Qxd1+ 32. Rxd1 b3 33. Nxb3 Bc2 34.
Nxc5 Bxd1 35. Nxa6 Rc8 36. c5 Be2 37. Nb4 Rxc5 38. Kf2 Bb5 39. d6 Kf8 40. g4
Ke8 41. f4 Kd7 42. Ke3 Kxd6 43. Kd2 Rc4 44. Nc2 Rxf4 45. Ne3 Rf2+ 46. Kc3 Rxh2
47. Kb4 Bd7 48. Kc3 {Hossa resigns} 0-1

[Event "ICS Rated blitz match"]
[Site "204.178.125.65"]
[Date "1999.10.18"]
[Round "?"]
[White "Hossa"]
[Black "JudgeTurpin"]
[Result "1/2-1/2"]
[WhiteElo "2523"]
[BlackElo "2627"]
[PlyCount "341"]
[EventDate "1999.??.??"]

1. e4 c5 2. Nf3 e6 3. Nc3 Nc6 4. d4 cxd4 5. Nxd4 Qc7 6. Ndb5 Qb8 7. Bc4 a6 8.
Nd4 b5 9. Bb3 Bb7 10. O-O b4 11. Nce2 Qe5 12. f3 Nxd4 13. Nxd4 Bc5 14. c3 bxc3
15. bxc3 Nf6 16. Rb1 O-O 17. Bc2 Qc7 18. e5 Nd5 19. Qd3 f5 20. Re1 Rac8 21. Bd2
h5 22. Kh1 Rf7 23. Bb3 Be7 24. Ba4 Rff8 25. f4 Rfd8 26. Bd1 h4 27. Bf3 Nb6 28.
Bxb7 Qxb7 29. Rb3 Qa7 30. Be3 Bc5 31. Bf2 h3 32. Qxh3 Nd5 33. Qf3 Kf7 34. Reb1
Rf8 35. Bg1 Bxd4 36. Bxd4 Qa8 37. Rb7 Rfd8 38. Ra7 Qc6 39. Qf1 Qc4 40. Rxa6
Nxf4 41. Qxc4 Rxc4 42. Rb4 Rcc8 43. Rb2 Nd3 44. Rd2 Nc5 45. Rd6 Ne4 46. Bb6
Nxd6 47. Bxd8 Nc4 48. Rd4 Nxe5 49. Ba5 d5 50. Rd1 Ra8 51. Bc7 Nc4 52. h4 Rxa2
53. Rd3 Re2 54. Bf4 e5 55. Rxd5 exf4 56. Rxf5+ Ke6 57. Rxf4 Ne5 58. Rb4 Re1+
59. Kh2 Re3 60. h5 Rxc3 61. Ra4 Kf5 62. Ra5 Rd3 63. Rb5 Kf6 64. g3 Rf3 65. Kh3
Rf5 66. Rb6+ Kg5 67. Rb7 Kh6 68. g4 Rf3+ 69. Kg2 Rc3 70. Rb6+ Kg5 71. Rb7 Nxg4
72. Rxg7+ Kxh5 73. Rh7+ Kg5 74. Rg7+ Kf4 75. Rf7+ Ke4 76. Re7+ Ne5 77. Kf2 Kf4
78. Rg7 Rc2+ 79. Ke1 Ke3 80. Rg3+ Nf3+ 81. Kd1 Rd2+ 82. Kc1 Rh2 83. Kb1 Kf4 84.
Rg6 Ne5 85. Rf6+ Ke3 86. Re6 Kd4 87. Rd6+ Kc3 88. Rd8 Nd3 89. Rc8+ Kd4 90. Rd8+
Ke4 91. Re8+ Kf4 92. Rf8+ Ke3 93. Re8+ Kf3 94. Rg8 Rb2+ 95. Ka1 Rd2 96. Rf8+
Ke4 97. Re8+ Kd4 98. Kb1 Rb2+ 99. Ka1 Rg2 100. Kb1 Kd5 101. Rd8+ Ke4 102. Re8+
Kf4 103. Rf8+ Ke3 104. Re8+ Kd4 105. Rf8 Rb2+ 106. Ka1 Rh2 107. Kb1 Ne5 108.
Rd8+ Ke3 109. Re8 Ke4 110. Re6 Kd5 111. Re7 Rf2 112. Rc7 Nd3 113. Rd7+ Kc4 114.
Rc7+ Kb3 115. Rb7+ Kc3 116. Rc7+ Kd4 117. Re7 Rb2+ 118. Ka1 Rg2 119. Kb1 Kd5
120. Rd7+ Ke6 121. Rxd3 Ke5 122. Re3+ Kd5 123. Rd3+ Kc4 124. Rd1 Kc3 125. Rc1+
Kd3 126. Rd1+ Ke3 127. Re1+ Kd2 128. Re4 Rg7 129. Kb2 Rb7+ 130. Ka3 Kc3 131.
Ka4 Rb1 132. Ka5 Rb2 133. Ka4 Rb8 134. Ka5 Rb1 135. Ka4 Rb2 136. Ka5 Rb8 137.
Ka4 Rb7 138. Ka5 Kd3 139. Re1 Kd4 140. Ka4 Rb2 141. Ka5 Kd5 142. Ka4 Kc4 143.
Ka5 Rb5+ 144. Ka4 Rb4+ 145. Ka5 Rb8 146. Rd1 Rb5+ 147. Ka4 Rb2 148. Ka5 Kc5
149. Ka4 Rb4+ 150. Ka5 Rb5+ 151. Ka4 Rb2 152. Rd3 Kc4 153. Ka3 Rb1 154. Rd2 Kc3
155. Ka2 Rb8 156. Rd5 Ra8+ 157. Kb1 Rf8 158. Rd1 Rb8+ 159. Kc1 Re8 160. Rd2
Re1+ 161. Rd1 Re2 162. Rd5 Rg2 163. Rc5+ Kd3 164. Rd5+ Ke3 165. Re5+ Kd4 166.
Re1 Rf2 167. Rd1+ Kc3 168. Rd5 Rf3 169. Rc5+ Kb4 170. Rc2 Rb3 171. Kd2 {
Game drawn by the 50 move rule} 1/2-1/2

[Event "ICS Rated blitz match"]
[Site "204.178.125.65"]
[Date "1999.09.14"]
[Round "?"]
[White "Hossa"]
[Black "JudgeTurpin"]
[Result "0-1"]
[WhiteElo "2323"]
[BlackElo "2476"]
[PlyCount "113"]
[EventDate "1999.??.??"]

1. e4 c5 2. Nf3 e6 3. d4 cxd4 4. Nxd4 Nf6 5. Nc3 d6 6. Be2 a6 7. O-O Be7 8. f4
Qc7 9. Be3 O-O 10. Bd3 e5 11. Nde2 Be6 12. fxe5 dxe5 13. Nd5 Bxd5 14. exd5 e4
15. Rxf6 exd3 16. d6 Bxd6 17. Rxd6 Qxd6 18. Qxd3 Qxd3 19. cxd3 Re8 20. Kf2 Nc6
21. Rd1 Rad8 22. Nf4 Nb4 23. a3 Nd5 24. Nxd5 Rxd5 25. Kf3 Rf5+ 26. Kg4 g6 27.
Bc1 Re2 28. Kg3 Kg7 29. b4 Kf6 30. Bf4 Ra2 31. Bc1 Rff2 32. Rg1 Ke5 33. Be3
Rfc2 34. a4 Rxa4 35. Re1 Kd5 36. Rf1 f5 37. Rf4 Raa2 38. Rf2 f4+ 39. Rxf4 Rxg2+
40. Kf3 Rxh2 41. Rd4+ Kc6 42. Rc4+ Kb5 43. Re4 Rh3+ 44. Kg4 Rah2 45. Re7 h5+
46. Kg5 Rg2+ 47. Kh6 Kxb4 48. Rxb7+ Kc3 49. Bb6 Kxd3 50. Ba5 Kc4 51. Rb4+ Kd5
52. Rb6 Ra3 53. Rxa6 Rga2 54. Rxg6 Rxa5 55. Rg1 h4 56. Kh5 Ke6+ 57. Kg4 {
Hossa resigns} 0-1

[Event "ICS Rated blitz match"]
[Site "204.178.125.65"]
[Date "1999.09.21"]
[Round "?"]
[White "Hossa"]
[Black "Kostas1936"]
[Result "1-0"]
[WhiteElo "2344"]
[BlackElo "2032"]
[PlyCount "101"]
[EventDate "1999.??.??"]

1. e4 c6 2. d4 d5 3. Nc3 dxe4 4. Nxe4 Bf5 5. Ng3 Bg6 6. h4 h6 7. Nf3 Nd7 8. h5
Bh7 9. Bd3 Bxd3 10. Qxd3 Qc7 11. Be3 Ngf6 12. O-O-O e6 13. Rde1 Bd6 14. Ne4
Nxe4 15. Qxe4 O-O-O 16. Qd3 Kb8 17. Re2 Rhe8 18. Qh7 Bf8 19. Qe4 f5 20. Qh4 Bd6
21. Rhe1 Nf6 22. c3 Ne4 23. Nd2 Be7 24. Qf4 Bd6 25. Qf3 Nf6 26. Nc4 Nd5 27. Bd2
Qf7 28. Nxd6 Rxd6 29. Bf4 Nxf4 30. Qxf4 Qc7 31. Qg3 Kc8 32. Qg6 Qd7 33. Qxf5
exf5 34. Rxe8+ Kc7 35. R8e7 g6 36. hxg6 Rxg6 37. Rxd7+ Kxd7 38. g3 f4 39. gxf4
Rf6 40. Re4 h5 41. Kd2 h4 42. Ke3 Rh6 43. Kf3 h3 44. Re1 h2 45. Kg2 b5 46. Rh1
Ke6 47. Rxh2 Rf6 48. Kf3 Kd5 49. Rh5+ Kc4 50. Ke3 Re6+ 51. Kd2 {
Kostas1936 resigns} 1-0

[Event "ICS Rated blitz match"]
[Site "204.178.125.65"]
[Date "1999.09.21"]
[Round "?"]
[White "Hossa"]
[Black "Lippy"]
[Result "0-1"]
[WhiteElo "2326"]
[BlackElo "2722"]
[PlyCount "122"]
[EventDate "1999.??.??"]

1. Nf3 Nf6 2. g3 d5 3. Bg2 c6 4. O-O Bg4 5. Ne5 Bh5 6. d4 Nbd7 7. c4 e6 8. Bg5
Be7 9. Nxd7 Nxd7 10. Bxe7 Qxe7 11. cxd5 cxd5 12. Nc3 O-O 13. Rc1 Nb6 14. Qd3
Bg6 15. e4 Rfd8 16. Rfd1 Rac8 17. f3 dxe4 18. fxe4 Nc4 19. Na4 Qb4 20. b3 Bh5
21. Rf1 Nd2 22. Rxc8 Rxc8 23. Rf2 Rc1+ 24. Bf1 Rd1 25. a3 Qxb3 26. Rxd2 Qxa4
27. Rxd1 Bxd1 28. d5 Bc2 29. Qc3 h5 30. Bd3 Bxd3 31. Qxd3 exd5 32. exd5 Qa6 33.
Qxa6 bxa6 34. Kf2 Kf8 35. Ke3 Ke7 36. a4 Kd6 37. Kd4 a5 38. h3 f6 39. Kc4 g5
40. h4 g4 41. Kd4 f5 42. Ke3 Kxd5 43. Kf4 Ke6 44. Ke3 Ke5 45. Ke2 f4 46. Kf2
fxg3+ 47. Kxg3 Kd5 48. Kg2 Kc4 49. Kg3 Kb4 50. Kf4 Kxa4 51. Ke3 Kb5 52. Kf4 a4
53. Kg3 a3 54. Kf4 a2 55. Kg5 a1=Q 56. Kf5 g3 57. Ke6 g2 58. Kd6 Qf6+ 59. Kc7
g1=Q 60. Kb8 Qd8+ 61. Kb7 61... Qgb6# {Hossa checkmated} 0-1

[Event "ICS Rated blitz match"]
[Site "204.178.125.65"]
[Date "1999.09.23"]
[Round "?"]
[White "Hossa"]
[Black "Lippy"]
[Result "0-1"]
[WhiteElo "2385"]
[BlackElo "2813"]
[PlyCount "123"]
[EventDate "1999.??.??"]

1. e4 c5 2. Nf3 d6 3. d4 cxd4 4. Nxd4 Nf6 5. Nc3 a6 6. Bd3 e6 7. O-O b5 8. a4
b4 9. Nce2 Be7 10. Bd2 e5 11. Nb3 Nc6 12. Bg5 O-O 13. Bxf6 Bxf6 14. Bc4 Qc7 15.
Bd5 Rb8 16. Qd3 Ne7 17. Bc4 Rb6 18. Nd2 Rc6 19. Rad1 Bb7 20. Qb3 Bg5 21. f4
exf4 22. Nxf4 Bxf4 23. Rxf4 d5 24. exd5 Qxf4 25. dxc6 Bxc6 26. c3 Qe3+ 27. Kh1
Qf2 28. Nf3 Bxf3 29. gxf3 Qxf3+ 30. Kg1 Qg4+ 31. Kh1 Qe4+ 32. Kg1 bxc3 33. bxc3
Qg6+ 34. Kh1 Nf5 35. Rg1 Qf6 36. Re1 a5 37. Bd5 Ne3 38. c4 Nxd5 39. cxd5 Qh4
40. Qd1 Rd8 41. Re2 Qc4 42. Rb2 Qe4+ 43. Kg1 h6 44. Rd2 Rd6 45. Rd3 Rg6+ 46.
Rg3 Rb6 47. Rb3 Qxa4 48. Rd3 Rg6+ 49. Kf2 Qf4+ 50. Rf3 Qxh2+ 51. Ke3 Rg1 52.
Qd2 Rg2 53. Qc3 Rc2 54. Qb3 Qe5+ 55. Kd3 Rb2 56. Qxb2 Qxb2 57. Re3 Qb5+ 58. Kd4
a4 59. Rc3 a3 60. Rc8+ Kh7 61. Ra8 g5 62. Rc8 {Hossa resigns} 0-1

[Event "ICS Rated blitz match"]
[Site "204.178.125.65"]
[Date "1999.09.21"]
[Round "?"]
[White "Hossa"]
[Black "Lippy"]
[Result "0-1"]
[WhiteElo "2363"]
[BlackElo "2666"]
[PlyCount "65"]
[EventDate "1999.??.??"]

1. e4 c5 2. Nf3 d6 3. d4 cxd4 4. Nxd4 Nf6 5. Nc3 a6 6. Rg1 e5 7. Nf3 Be7 8. Bg5
O-O 9. Qd2 Nbd7 10. O-O-O b5 11. Qe3 Bb7 12. Bxf6 Nxf6 13. Nxe5 b4 14. Nb1 Qc7
15. Nc4 Nxe4 16. Nbd2 d5 17. Nxe4 dxc4 18. Qg3 Qa5 19. Rd7 Bxe4 20. Rxe7 b3 21.
Bxc4 Rad8 22. Qe3 Qxa2 23. Bd3 Bxd3 24. cxd3 Rc8+ 25. Kd1 Qxb2 26. Ke1 Rc1+ 27.
Qxc1 Qxc1+ 28. Ke2 Qxg1 29. Rb7 Re8+ 30. Kf3 g5 31. h4 gxh4 32. g3 h5 33. Rb8 {
Hossa resigns} 0-1

[Event "ICS Rated blitz match"]
[Site "204.178.125.65"]
[Date "1999.09.24"]
[Round "?"]
[White "Hossa"]
[Black "Lippy"]
[Result "0-1"]
[WhiteElo "2405"]
[BlackElo "2863"]
[PlyCount "66"]
[EventDate "1999.??.??"]

1. d4 Nf6 2. c4 e6 3. Nf3 b6 4. g3 Ba6 5. b3 Bb7 6. Bg2 Bb4+ 7. Bd2 a5 8. O-O
O-O 9. a3 Bxd2 10. Nbxd2 d5 11. Ne5 Nbd7 12. Nxd7 Qxd7 13. cxd5 Bxd5 14. f3 a4
15. b4 Rfe8 16. e3 e5 17. Ne4 Bb3 18. Nxf6+ gxf6 19. Qd3 Rad8 20. Rac1 Re7 21.
Rfe1 exd4 22. Qxd4 Qxd4 23. exd4 Rxe1+ 24. Rxe1 Rxd4 25. b5 Rd3 26. f4 Be6 27.
Ra1 Rc3 28. Bc6 Bc4 29. Kf2 Bd3 30. Re1 Rxa3 31. Re7 Rc3 32. Rd7 a3 33. g4
33... a2 {Hossa resigns} 0-1

[Event "ICS Rated blitz match"]
[Site "204.178.125.65"]
[Date "1999.09.24"]
[Round "?"]
[White "Hossa"]
[Black "LrGenius"]
[Result "1-0"]
[WhiteElo "2451"]
[BlackElo "2156"]
[PlyCount "47"]
[EventDate "1999.??.??"]

1. e4 e6 2. d4 d5 3. e5 c5 4. c3 Nc6 5. Nf3 Qb6 6. a4 Nh6 7. Bxh6 Qxb2 8. Na3
gxh6 9. Nb5 cxd4 10. Rb1 Qa2 11. Nc7+ Kd8 12. Nxa8 dxc3 13. Ra1 Qb2 14. Bd3 Bg7
15. O-O Nxe5 16. Nxe5 Bxe5 17. Qh5 f6 18. Qg4 Qd2 19. Qg7 Re8 20. Bxh7 Qg5 21.
Bg6 Re7 22. Qf8+ Kd7 23. Bd3 Qg7 24. Bb5+ {LrGenius resigns} 1-0

[Event "ICS Rated blitz match"]
[Site "204.178.125.65"]
[Date "1999.10.01"]
[Round "?"]
[White "Hossa"]
[Black "LrGenius"]
[Result "0-1"]
[WhiteElo "2473"]
[BlackElo "2117"]
[PlyCount "66"]
[EventDate "1999.??.??"]

1. d4 d5 2. c4 c6 3. Nc3 dxc4 4. e4 b5 5. a3 Nf6 6. Be2 e6 7. Bg5 Be7 8. Nf3
O-O 9. O-O Nbd7 10. Qc2 Bb7 11. Rfd1 a6 12. Rac1 Rc8 13. a4 h6 14. Bh4 Nh5 15.
Bxe7 Qxe7 16. Ra1 Nf4 17. axb5 cxb5 18. Re1 e5 19. d5 Nc5 20. Red1 Nfd3 21. Nd2
f5 22. exf5 Rxf5 23. Bf3 Qh4 24. Rf1 Rcf8 25. Qb1 Rxf3 26. Nxf3 Rxf3 27. gxf3
Qh3 28. Nd1 Qxf3 29. Ne3 Nf4 30. h4 Bxd5 31. Qe4 Bxe4 32. Kh2 Qh3+ 33. Kg1
33... Qh1# {Hossa checkmated} 0-1

[Event "ICS Rated blitz match"]
[Site "204.178.125.65"]
[Date "1999.10.09"]
[Round "?"]
[White "Hossa"]
[Black "MateGoD"]
[Result "0-1"]
[WhiteElo "2510"]
[BlackElo "2543"]
[PlyCount "182"]
[EventDate "1999.??.??"]

1. d4 d5 2. c4 dxc4 3. Nf3 Nf6 4. e3 e6 5. Bxc4 a6 6. O-O c5 7. Nc3 b5 8. Bd3
Bb7 9. Re1 Bd6 10. Bd2 O-O 11. Rc1 Nbd7 12. Ng5 Rc8 13. f4 cxd4 14. exd4 Nb6
15. Nce4 Rxc1 16. Qxc1 h6 17. Nf3 Na4 18. Nxf6+ Qxf6 19. Ne5 Rc8 20. Qb1 g6 21.
Rc1 Rxc1+ 22. Bxc1 Nb6 23. Bf1 Bf8 24. Qc2 Qd8 25. Qf2 Qc7 26. Qd2 Bd5 27. b3
Be4 28. Bd3 Bxd3 29. Nxd3 Nd5 30. Bb2 Bd6 31. g3 Bf8 32. Ne5 b4 33. Qg2 Qa5 34.
Bc1 Qb6 35. Qf2 Nc3 36. Bb2 Nxa2 37. Qc2 Bg7 38. Ba1 Nc3 39. Bxc3 Bxe5 40. fxe5
Qc6 41. Kf2 bxc3 42. Ke3 Kg7 43. Kd3 Qf3+ 44. Kc4 Qe3 45. Qxc3 Qe2+ 46. Kc5
Qxh2 47. Qf3 Qc2+ 48. Kb6 Qd2 49. Qf6+ Kg8 50. Qd8+ Kh7 51. Qf8 Qxd4+ 52. Kxa6
Qd3+ 53. Ka5 Qf5 54. Qc5 Qf3 55. Qf8 g5 56. b4 Kg6 57. Qh8 Qa3+ 58. Kb5 Qd3+
59. Ka5 Kh5 60. Qg7 Qd8+ 61. Ka6 Qc8+ 62. Kb6 Qd7 63. b5 Kg4 64. Qxh6 Qd4+ 65.
Ka5 Qc3+ 66. Kb6 Qxe5 67. Qf8 Qe3+ 68. Ka6 f5 69. b6 Qd3+ 70. Ka7 Qe3 71. Ka6
Qe2+ 72. Ka7 Qa2+ 73. Kb8 Kxg3 74. Qd6+ f4 75. Qd3+ f3 76. b7 Qe2 77. Qd4 f2
78. Kc8 f1=Q 79. b8=Q+ Qf4 80. Qdxf4+ gxf4 81. Kd7 e5 82. Ke7 f3 83. Kf6 f2 84.
Ke6 f1=Q 85. Ke7 Qf5 86. Qb6 Qh7+ 87. Ke8 Qeh5+ 88. Kd8 Qd1+ 89. Qd4 Qxd4+ 90.
Ke8 Qdd7+ 91. Kf8 91... Qde7# {Hossa checkmated} 0-1

[Event "ICS Rated blitz match"]
[Site "204.178.125.65"]
[Date "1999.10.07"]
[Round "?"]
[White "Hossa"]
[Black "Matzo"]
[Result "1-0"]
[WhiteElo "2470"]
[BlackElo "2247"]
[PlyCount "79"]
[EventDate "1999.??.??"]

1. d4 Nf6 2. c4 g6 3. Nc3 Bg7 4. e4 d6 5. f3 O-O 6. Be3 c5 7. dxc5 dxc5 8. Bxc5
Nc6 9. Kf2 Qa5 10. Be3 Rd8 11. Qc1 Ne5 12. Nd5 e6 13. Nxf6+ Bxf6 14. a3 Bd7 15.
Bh6 Ba4 16. b4 Qc7 17. Ra2 Bb3 18. Rd2 Rxd2+ 19. Qxd2 Rd8 20. Qf4 Bg7 21. c5 b6
22. cxb6 axb6 23. Kg3 Bxh6 24. Qxh6 Nd3+ 25. f4 Qc3 26. Nf3 Bd1 27. Qg5 Rd7 28.
Qb5 Rc7 29. Bxd3 Bxf3 30. gxf3 g5 31. Qxb6 gxf4+ 32. Kxf4 Qf6+ 33. Ke3 Qg5+ 34.
f4 Qe7 35. Rg1+ Kf8 36. Qb8+ Qe8 37. Qxc7 h5 38. e5 h4 39. Bh7 Qb8 40. Rg8# {
Matzo checkmated} 1-0

[Event "ICS Rated blitz match"]
[Site "204.178.125.65"]
[Date "1999.09.24"]
[Round "?"]
[White "Hossa"]
[Black "MissSilicon"]
[Result "0-1"]
[WhiteElo "2404"]
[BlackElo "2651"]
[PlyCount "142"]
[EventDate "1999.??.??"]

1. d4 f5 2. g3 d5 3. Bg2 Nf6 4. Nf3 e6 5. O-O c6 6. c4 dxc4 7. Ne5 Be7 8. Nxc4
O-O 9. Bg5 h6 10. Bf4 Nd5 11. e3 Nxf4 12. exf4 Bf6 13. Ne5 Qb6 14. Qd2 Rd8 15.
Rd1 Nd7 16. Nc4 Qa6 17. Qc2 Nb6 18. Ne5 Bxe5 19. dxe5 Rxd1+ 20. Qxd1 Nd5 21.
Nd2 Bd7 22. Bf1 b5 23. a4 Qb6 24. axb5 cxb5 25. Nb3 Be8 26. Qd4 Qb7 27. Ra5 a6
28. Nc5 Qc8 29. b4 Bc6 30. Be2 Nc7 31. Qd6 Bd5 32. Bh5 Kh7 33. Qe7 Kh8 34. Qf7
Qd8 35. Be2 Qb8 36. Ra3 Qc8 37. Bh5 Qd8 38. Ra1 Rc8 39. Qg6 Qe7 40. Ra3 Bc6 41.
Qf7 Qxf7 42. Bxf7 Bd5 43. Bg6 Kg8 44. f3 Bc4 45. Ra5 Nd5 46. Rxa6 Ne7 47. Bh5
g6 48. Bxg6 Nxg6 49. Nxe6 h5 50. Nd4 Ne7 51. Rb6 Ra8 52. Nxb5 Ra1+ 53. Kg2 Ra2+
54. Kh3 Bf1+ 55. Kh4 Rxh2+ 56. Kg5 Rg2 57. Rb8+ Kg7 58. Kxh5 Bxb5 59. Rxb5 Rxg3
60. Rc5 Rxf3 61. Kg5 Rg3+ 62. Kh5 Rg4 63. Rc7 Kf7 64. Rc4 Nd5 65. Kh6 Nxf4 66.
b5 Rg6+ 67. Kh7 Ne6 68. Rc7+ Nxc7 69. e6+ Nxe6 70. b6 Nf8+ 71. Kh8 71... Rg8# {
Hossa checkmated} 0-1

[Event "ICS Rated blitz match"]
[Site "204.178.125.65"]
[Date "1999.10.18"]
[Round "?"]
[White "Hossa"]
[Black "MissSilicon"]
[Result "0-1"]
[WhiteElo "2484"]
[BlackElo "2714"]
[PlyCount "98"]
[EventDate "1999.??.??"]

1. d4 d5 2. c4 e6 3. Nc3 Nf6 4. Bg5 Nbd7 5. e3 c6 6. Nf3 Qa5 7. Nd2 dxc4 8. Bh4
b5 9. a4 Qb4 10. Rb1 Bb7 11. Be2 Bd6 12. O-O O-O 13. axb5 cxb5 14. e4 Bf4 15.
Bg3 Bxg3 16. fxg3 Rfd8 17. Qe1 e5 18. d5 Nc5 19. Rf2 a6 20. Qf1 a5 21. Rxf6
gxf6 22. Qxf6 Nd7 23. Qg5+ Kh8 24. Qf5 f6 25. Bh5 a4 26. Be8 Rxe8 27. Qxd7 Ba6
28. Qf5 Rf8 29. Qf3 Bc8 30. Qe3 Bd7 31. Nf1 Rab8 32. Qa7 Rbd8 33. Ne3 Qd6 34.
Rf1 Ra8 35. Qb7 a3 36. Nxb5 Qc5 37. Nxa3 Qxe3+ 38. Kh1 Qe2 39. Rg1 Bh3 40. d6
Rfb8 41. Qe7 Bxg2+ 42. Rxg2 Qf1+ 43. Rg1 Qf3+ 44. Rg2 Rxb2 45. Qxf6+ Qxf6 46.
Kg1 Rxa3 47. Rxb2 Ra1+ 48. Rb1 Rxb1+ 49. Kg2 49... Qf1# {Hossa checkmated} 0-1

[Event "ICS Rated blitz match"]
[Site "204.178.125.65"]
[Date "1999.09.15"]
[Round "?"]
[White "Hossa"]
[Black "MissSilicon"]
[Result "0-1"]
[WhiteElo "2346"]
[BlackElo "2624"]
[PlyCount "69"]
[EventDate "1999.??.??"]

1. Nf3 d5 2. c4 d4 3. g3 c5 4. Bg2 Nc6 5. O-O Nf6 6. d3 e5 7. Bg5 Be7 8. e4
dxe3 9. fxe3 O-O 10. Nc3 h6 11. Bxf6 Bxf6 12. Nd5 Bd7 13. Nd2 Be7 14. Qh5 Rc8
15. Ne4 f5 16. Nec3 Bg5 17. Qg6 e4 18. dxe4 Ne5 19. Qh5 f4 20. Rxf4 Rxf4 21.
exf4 Bg4 22. Qxg5 hxg5 23. fxe5 Qe8 24. Ne3 Bh5 25. Bh3 Rd8 26. e6 Rd2 27. b3
g4 28. Bxg4 Bxg4 29. Nxg4 Qxe6 30. Nf2 Qf6 31. Rf1 Qxc3 32. e5 Rxa2 33. Ng4
Qxb3 34. Rf2 Qd1+ 35. Kg2 {Hossa resigns} 0-1

[Event "ICS Rated blitz match"]
[Site "204.178.125.65"]
[Date "1999.09.21"]
[Round "?"]
[White "Hossa"]
[Black "MissSilicon"]
[Result "0-1"]
[WhiteElo "2142"]
[BlackElo "2568"]
[PlyCount "55"]
[EventDate "1999.??.??"]

1. e4 e5 2. Nf3 Nc6 3. Bc4 Bc5 4. c3 Nf6 5. d3 d6 6. O-O O-O 7. Bb3 Bg4 8. Bg5
h6 9. Be3 Bxe3 10. fxe3 d5 11. exd5 Nxd5 12. Qe2 Kh8 13. Nbd2 f5 14. Bxd5 Qxd5
15. d4 e4 16. Qe1 exf3 17. gxf3 Bh3 18. Rf2 Rae8 19. Qb1 Rxe3 20. Qc2 Rfe8 21.
Nf1 Rxf3 22. b4 Re6 23. Rxf3 Qxf3 24. Qf2 Qxc3 25. Rd1 Nxd4 26. Ng3 Rd6 27. Rf1
Bxf1 28. Kxf1 {Hossa resigns} 0-1